| 000 | 00587nam a2200217 b 4500 | ||
|---|---|---|---|
| 001 | Mimo0002209000 | ||
| 003 | OSt | ||
| 005 | 20140222092239.0 | ||
| 008 | 070611s2007 sp | ||| ||spa | ||
| 020 | _a978-84-9840-096-0 | ||
| 040 |
_aSpMaBN _cBMC |
||
| 082 | _a612.64 | ||
| 100 | 1 |
_aLópez Moratalla, Natalia _910175 |
|
| 245 | 1 | 3 |
_aEl primer viaje de la vida _cNatalia López Moratalla |
| 260 |
_aMadrid _bPalabra _c2007 |
||
| 300 |
_a78 p. _c16 cm |
||
| 490 |
_adBolsillo MC _v773 |
||
| 650 | 2 | 4 |
_aEmbriología humana _94344 |
| 650 | 2 | 4 |
_aMadres e hijos _910380 |
| 942 |
_2ddc _cBK |
||
| 999 |
_c4953 _d4953 |
||